Fashion Designers by Brand - Statistics

General Stats
  • This quiz has been taken 366 times
  • The average score is 5 of 14
Answer Stats
Hint Answer % Correct
Chanel Karl Lagerfeld
75%
Fendi Karl Lagerfeld
75%
Versace Donatella Versace
57%
Alexander Wang Alexander Wang
55%
Balenciaga Alexander Wang
55%
Armani Giorgio Armani
40%
Louis Vuitton Marc Jacobs
35%
Prada Miuccia Prada
32%
Alexander McQueen Sarah Burton
20%
Dior Raf Simons
16%
Dolce & Gabbana Domenico Dolce and Stefano Gabbana
11%
Givenchy Riccardo Tisci
10%
Gucci Frida Giannini
7%
Yves Saint Laurent Hedi Slimanes
0%
No matching quizzes found
Score Distribution
Percent of People with Each Score
Percentile by Number Answered
Your Score History
You have not taken this quiz